Normal view MARC view
  • Homes and Communities Agency Limited

Entry Corporate Name

Number of records used in: 1

001 - CONTROL NUMBER

  • control field: 5838

003 - CONTROL NUMBER IDENTIFIER

  • control field: SIRSI

005 - DATE AND TIME OF LATEST TRANSACTION

  • control field: 20190806150246.0

008 - FIXED-LENGTH DATA ELEMENTS

  • fixed length control field: 100413n| acannaabn |n ana d

040 ## - CATALOGING SOURCE

  • Original cataloging agency: OSt
  • Transcribing agency: OSt

110 2# - HEADING--CORPORATE NAME

  • Corporate name or jurisdiction name as entry element: Homes and Communities Agency Limited

670 ## - SOURCE DATA FOUND

  • Source citation: Room to swing a cat, 2010